| 000 | 00573nam a2200229Ia 4500 | ||
|---|---|---|---|
| 003 | OSt | ||
| 005 | 20220928144742.0 | ||
| 006 | a|||||r|||| 00| 0 | ||
| 007 | ta | ||
| 008 | 220927b |||||||| |||| 00| 0 eng d | ||
| 024 | _a73569 | ||
| 037 | _cTextual | ||
| 040 |
_aSDCL _cSDCL _beng |
||
| 041 |
_2eng _aeng |
||
| 082 | _aS:437, M1 | ||
| 100 |
_aDavies D R _9509497 |
||
| 245 | 0 | _aPsychology of vigilance. | |
| 260 | _c1981 | ||
| 700 |
_a Parasuraman R _9509498 |
||
| 942 |
_hS:437, M1 _cTEXL _2CC |
||
| 999 |
_c829468 _d829468 |
||